Statystyki dla Zwycięzcy NBA (2000-2020)

Kliknij tutaj aby rozwiązać quiz!

Ogólne statystyki

  • Ten quiz został rozwiązany 626 razy
  • Średni wynik to 18 z 21

Statystyki odpowiedzi

RokDrużyna% Poprawnych
2000Los Angeles Lakers
97%
2009Los Angeles Lakers
97%
2001Los Angeles Lakers
97%
2010Los Angeles Lakers
97%
2002Los Angeles Lakers
97%
2020Los Angeles Lakers
97%
2018Golden State Warriors
91%
2017Golden State Warriors
91%
2015Golden State Warriors
91%
2008Boston Celtics
83%
2013Miami Heat
81%
2012Miami Heat
81%
2006Miami Heat
81%
2005San Antonio Spurs
80%
2014San Antonio Spurs
80%
2003San Antonio Spurs
80%
2007San Antonio Spurs
80%
2019Toronto Raptors
74%
2016Cleveland Cavaliers
70%
2011Dallas Mavericks
65%
2004Detroit Pistons
56%

Rozkład punktacji

Percentyl według liczby udzielonych odpowiedzi

Procent ludzi z każdym wynikiem

Twoja historia wyników

Nie rozwiązałeś tego quizu